Uefa Rangliste der Ligen - Statistiken

Allgemein
  • Dieses Quiz wurde 82 mal gespielt
  • Das Durchschnittsergebnis liegt bei 45 aus 55
Antwortstatistiken
Hint Antwort % Korrekt
Premier League England
100%
Ligue 1 Frankreich
100%
Serie A Italien
100%
LaLiga Spanien
100%
Bundesliga Deutschland
99%
Eredivisie Niederlande
97%
Liga (...) Betclic Portugal
95%
Trendyol Süper Lig Türkei
95%
Pro League Belgien
93%
(...) Bundesliga Österreich
92%
Allvenskan Schweden
92%
(...) Superliga Dänemark
91%
Ekstraklasa Polen
91%
Eliteserien Norwegen
89%
(...) Super League Schweiz
89%
Premium Liiga Estland
88%
Veikkausliiga Finnland
88%
HNL Kroatien
88%
Virsliga Lettland
88%
A Lyga Litauen
87%
(...) Premier League Russland
87%
Mozzart Bet Superliga Serbien
87%
Niké Liga Slowakei
87%
PrvaLiga Slowenien
87%
(...) First League Tschechien
87%
(...) First League Montenegro
84%
(...) Premiership Schottland
84%
Vysshaya Liga Belarus
83%
Premier Division Irland
83%
Abissnet Superiore Albanien
82%
Stoiximan Super League Griechenland
82%
(...) Premier League Ukraine
82%
Parva Liga Bulgarien
80%
Besta delid karla Island
80%
(...) Super Liga Rumänien
80%
NB I Ungarn
80%
AlbiMall Superliga Kosovo
79%
Division Nationale Luxemburg
79%
Campionato Sammarinese San Marino
79%
FL1 Aktiv - Cup Liechtenstein
76%
Primera Divisió Andorra
75%
1. MFL Nordmazedonien
75%
(...) Super Liga Moldawien
74%
Cymru Premier Wales
74%
(...) First Division Zypern
71%
(...) Premier League Bosnien
70%
NIFL Premiership Nordirland
70%
360 Sports (...) Premier Malta
67%
Erovnuli Liga Georgien
66%
(...) Premier League Armenien
62%
Misli Premier League Aserbaidschan
62%
(...) Premier League Israel
62%
(...) Premier League Kasachstan
55%
(...) Premier League Färöer
47%
(...) Football League Gibraltar
47%
Keine übereinstimmenden Quizze gefunden
Verteilung der Resultate
Anzahl Personen mit jedem Resultat
Perzentil nach korrekt beantworteten Fragen
Ihre Resultats-Entwicklung
Sie haben dieses Quiz noch nicht gespielt